| 000 | 00736 a2200229 4500 | ||
|---|---|---|---|
| 003 | CBULib | ||
| 005 | 20250307103603.0 | ||
| 008 | 241211b |||||||| |||| 00| 0 eng d | ||
| 020 | _a9781642506365 | ||
| 040 |
_bEnglish _cCBULib _erda |
||
| 050 | _aPR1309.H55 R48 | ||
| 100 | _aJakubowski, Maxim | ||
| 245 |
_aThe return of Sherlock Holmes : further extraordinary tales of the famous sleuth _c/ by Maxim Jakubowski |
||
| 260 |
_bMango Publishing, _c2021. _aCoral Gables : |
||
| 300 | _a321 pages | ||
| 336 |
_2rdacontent _aText | _btxt |
||
| 337 |
_2rdamedia _aUnmediated | _bn |
||
| 338 |
_2rdacarrier _aVolume _bnc |
||
| 650 | 0 |
_94204 _aDETECTIVE AND MYSTERY FICTION |
|
| 650 | 0 |
_94205 _aHOLMES, SHERLOCK FICTION |
|
| 942 |
_2lcc _c002 |
||
| 999 |
_c85466 _d85466 |
||